International Financial Statistics, August 2016.

The August 2016 issue of International Financial Statistics (IFS) is a standard source of statistics on all aspects of international and domestic finance. IFS, Balance-of-Payments Statistics, Direction of Trade Statistics, and Government Finance Statistics are available on CD-ROM by annual subscript...

Descripció completa

Dades bibliogràfiques
Autor corporatiu: International Monetary Fund. Statistics Dept
Format: Revista
Idioma:English
Publicat: Washington, D.C. : International Monetary Fund, 2016.
Col·lecció:International Financial Statistics; International Financial Statistics ; No. 2016/008
Accés en línia:Full text available on IMF
LEADER 02175cas a2200241 a 4500
001 AALejournalIMF016502
008 230101c9999 xx r poo 0 0eng d
020 |c 50.00 USD 
020 |z 9781513554075 
022 |a 0252-3027 
040 |a BD-DhAAL  |c BD-DhAAL 
110 2 |a International Monetary Fund.  |b Statistics Dept. 
245 1 0 |a International Financial Statistics, August 2016. 
264 1 |a Washington, D.C. :  |b International Monetary Fund,  |c 2016. 
300 |a 1 online resource (892 pages) 
490 1 |a International Financial Statistics 
500 |a <strong>Off-Campus Access:</strong> No User ID or Password Required 
500 |a <strong>On-Campus Access:</strong> No User ID or Password Required 
506 |a Electronic access restricted to authorized BRAC University faculty, staff and students 
520 3 |a The August 2016 issue of International Financial Statistics (IFS) is a standard source of statistics on all aspects of international and domestic finance. IFS, Balance-of-Payments Statistics, Direction of Trade Statistics, and Government Finance Statistics are available on CD-ROM by annual subscription. Quarterly issues of this publication provide, for 160 countries, tables with current data (or estimates) on the value of imports from and exports to their most important trading partners. IFS contains country tables for most members, as well as for Anguilla, Aruba, the Central African Economic and Monetary Community, Curacao, the currency union of Curacao and Sint Maarten, the Eastern Caribbean Currency Union, the euro area, Montserrat, the former Netherlands Antilles, Sint Maarten, the West African Economic Monetary Union, West Bank and Gaza, and some non-sovereign territorial entities for which statistics are provided internationally on a separate basis. Also, selected series are drawn from the country tables and published in area and world tables. 
538 |a Mode of access: Internet 
830 0 |a International Financial Statistics; International Financial Statistics ;  |v No. 2016/008 
856 4 0 |z Full text available on IMF  |u http://elibrary.imf.org/view/books/041/23047-9781513554075-en/23047-9781513554075-en-book.xml  |z IMF e-Library